MARC

LEADER 00000nam0a2200000 4500
001 233098
005 20231101231224.0
035 |a (RuTPU)RU\TPU\book\254166 
090 |a 233098 
100 |a 20130227d1965 m y0rusy50 ca 
101 0 |a rus 
102 |a RU 
105 |a a j 001zy 
200 1 |a Электромонтер-ремонтник  |e учебное пособие  |f Г. Л. Вартанов, В. В. Вернер, В. М. Серебряков 
205 |a 2-е изд., испр. и доп. 
210 |a Москва  |c Высшая школа  |d 1965 
215 |a 207 с.  |c ил. 
320 |a Библиогр.: с. 205. 
606 1 |a Электромонтажные работы  |2 stltpush  |3 (RuTPU)RU\TPU\subj\20281  |9 45391 
610 1 |a учебные пособия 
610 1 |a электрические машины 
610 1 |a ремонт 
610 1 |a аппараты 
610 1 |a оборудование 
675 |a 621.3.002.72(075)  |v 3 
700 1 |a Вартанов  |b Г. Л.  |g Грайр Леонович 
701 1 |a Вернер  |b В. В. 
701 1 |a Серебряков  |b В. М. 
801 1 |a RU  |b 63413507  |c 20130227 
801 2 |a RU  |b 63413507  |c 20220804  |g RCR 
942 |c BK